Statistics for If The Americas Didn't Exist...

Click here to take the quiz!

General Stats

  • This quiz has been taken 570 times
    (519 since last reset)
  • The average score is 48 of 80

Answer Stats

% Correct
LargestRussia
95%
Cattle per capitaRussia
95%
Most airportsRussia
95%
Largest first-level subdivisionRussia
95%
WesternmostUnited Kingdom
95%
Most airportsChina
93%
Largest first-level subdivisionChina
93%
LargestChina
93%
Most bird speciesChina
93%
Most biodiverseChina
93%
Most bird speciesIndia
93%
Cattle per capitaIndia
93%
Highest coffee productionIndia
93%
LargestIndia
93%
Most biodiverseIndia
93%
Cattle per capitaAustralia
89%
Most biodiverseAustralia
89%
Largest first-level subdivisionAustralia
89%
LargestAustralia
89%
Highest coffee productionIndonesia
88%
Most airportsIndonesia
88%
Most biodiverseIndonesia
88%
Most bird speciesIndonesia
88%
Most bird speciesDR Congo
86%
Most airportsGermany
82%
Highest % English speakers as 2nd languageSweden
75%
Highest % English speakers as 2nd languageNorway
71%
Biomass energy dependenceDenmark
70%
LargestKazakhstan
70%
Biomass energy dependenceFinland
68%
Most precipitationMalaysia
66%
Cattle per capitaNew Zealand
66%
Homicide rateSouth Africa
66%
Highest crime rateSouth Africa
66%
Highest crime ratePapua New Guinea
63%
Most biodiversePapua New Guinea
63%
Most precipitationPapua New Guinea
63%
Most airportsPapua New Guinea
63%
WesternmostPortugal
61%
Largest first-level subdivisionNiger
57%
Highest % English speakers as 2nd languageNetherlands
55%
Homicide rateNigeria
55%
Most inflatedIran
54%
Highest crime rateAfghanistan
52%
Highest coffee productionVietnam
48%
Largest Indian diaspora as a %Fiji
46%
WesternmostKiribati
46%
Most inflatedSudan
46%
Largest Indian diaspora as a %United Arab Emirates
46%
Homicide rateIraq
45%
Highest coffee productionEthiopia
43%
Homicide rateMyanmar
43%
WesternmostSamoa
43%
Most precipitationSamoa
43%
Highest crime rateSyria
43%
Most bird speciesTanzania
43%
WesternmostTonga
43%
Highest crime rateAngola
41%
Largest first-level subdivisionSaudi Arabia
41%
Most forested as a percentageMicronesia
39%
Highest % English speakers as 2nd languageNauru
39%
Most inflatedTurkey
39%
Most precipitationTuvalu
39%
Most forested as a percentageTuvalu
39%
Largest Indian diaspora as a %Mauritius
38%
Biomass energy dependenceMauritius
38%
Most precipitationSolomon Islands
38%
Most forested as a percentagePalau
36%
Most inflatedZimbabwe
36%
Most inflatedLebanon
32%
Biomass energy dependenceLatvia
30%
Highest coffee productionUganda
30%
Highest % English speakers as 2nd languageUganda
30%
Most forested as a percentageGabon
29%
Biomass energy dependenceLithuania
29%
Largest Indian diaspora as a %Oman
29%
Largest Indian diaspora as a %Kuwait
23%
Most forested as a percentageSeychelles
23%
Cattle per capitaBelarus
21%
Homicide rateEritrea
16%

Score Distribution

Percentile by Number Answered

Percent of People with Each Score

Your Score History

You have not taken this quiz since the last reset